| 000 | 00541nam a2200121Ia 4500 | ||
|---|---|---|---|
| 008 | 171212s9999 xx 000 0 und d | ||
| 100 | _aGreen, Jonathan | ||
| 245 |
_cGreen, Jonathan _aPrinting and Prophecy _bPrognostication and Media Change 1450-1550 |
||
| 260 |
_bUniversity of Michigan Press _c2012 |
||
| 650 | _aHistory | ||
| 650 | _aProphecy -- Christianity -- History; Predictive astrology -- Europe, German-speaking -- History; Books -- Europe, German-speaking -- History -- 1450–1600 | ||
| 856 | _uhttp://jstor.org/stable/j.ctt1qv5n84 | ||
| 999 |
_c353001 _d353001 |
||